Người trên đảo vắng : Tiểu thuyết

Đã lưu trong:
书目详细资料
主要作者: Dương, Thiên Lý
格式: 图书
语言:Undetermined
出版: Hà Nội Hội nhà văn 2020
主题:
标签: 添加标签
没有标签, 成为第一个标记此记录!
Thư viện lưu trữ: Trung tâm Học liệu Trường Đại học Cần Thơ
LEADER 00575nam a2200193Ia 4500
001 CTU_239757
008 210402s9999 xx 000 0 und d
082 |a 895.9223 
082 |b L600 
100 |a Dương, Thiên Lý 
245 0 |a Người trên đảo vắng : 
245 0 |b Tiểu thuyết 
245 0 |c Dương Thiên Lý 
260 |a Hà Nội 
260 |b Hội nhà văn 
260 |c 2020 
650 |a Tiểu thuyết Việt Nam,Vietnamese fiction 
910 |b nthai 
980 |a Trung tâm Học liệu Trường Đại học Cần Thơ